Allgemeine Naturgeschichte für alle Stände Siebenten Bandes dritte Abtheilung Thierreich, vierter Bandes dritte Abtheilung Säugthiere 2.

Bibliographic Details
Main Author: Oken, Lorenz, 1779-1851 (Author)
Corporate Author: Hoffmann'sche Verlags-Buchhandlung (Stuttgart, Nemecko) (Printer)
Format: Book
Language:German
PhysicalDescription:strany 1431-1872 21 cm
Published: Stuttgart Hoffman'sche Verlags-Buchhandlung 1838
Subjects:

MARC

LEADER 00000nam a2200000 4500
001 vtls012290214
003 SK-MaSNL
005 20260310185425.0
008 260122t1838 gw r 000 0 ger
015 |a SNBHFA 
040 |a SNKHF  |b slo  |c SNKHF  |e rda 
041 0 |a ger 
044 |a gw  |c DE 
072 7 |a 59  |x Zoológia  |2 konspekt 
080 |a 59  |2 2011 
080 |a 5  |2 2011 
080 |a (031)  |2 2011 
080 |a 599  |2 2011 
100 1 |a Oken, Lorenz,  |d 1779-1851  |4 aut  |9 167968 
245 1 0 |a Allgemeine Naturgeschichte für alle Stände  |n Siebenten Bandes dritte Abtheilung  |p Thierreich, vierter Bandes dritte Abtheilung Säugthiere 2.  |c Von Professor Oken 
264 1 |a Stuttgart  |b Hoffman'sche Verlags-Buchhandlung  |c 1838 
300 |a strany 1431-1872  |c 21 cm 
336 |a text  |b txt  |2 rdacontent 
337 |a bez média  |b n  |2 rdamedia 
338 |a zväzok  |b nc  |2 rdacarrierr 
504 |a Register 
546 |a Nemčina  |b Fraktúra 
561 |a Okrúhla pečiatka: Museálna slovenská spoločnosť.  |5 SNK IC 96580/7/3 
561 |a Na prvom liste rukopisný nápis: Millibald Kachelmann.  |5 SNK IC 96580/7/3 
561 |a Na predsádke rukopisný nápis: č. 86 VII. 3. 13. Šembery-Kmeť.  |5 SNK IC 96580/7/3 
650 0 7 |a prírodné vedy  |2 SNKPH  |9 694 
650 0 7 |a cicavce  |2 SNKPH  |9 1286 
650 0 7 |a zoológia  |2 SNKPH  |9 699 
700 1 |a Kmeť, Andrej,  |d 1841-1908  |4 fmo  |9 191981 
710 2 |a Hoffmann'sche Verlags-Buchhandlung (Stuttgart, Nemecko)  |4 prt  |4 pbl  |9 266866 
752 |a Nemecko  |d Stuttgart 
852 |a snk  |b Historické fondy  |p IC 96580/7/3 
958 |a DF 
958 |a ONDV 
999 |c 1046827  |d 1048757 
952 |t Kmeť X/2/m  |a SNK  |b SNK  |c SNK_HF  |y PREZ  |7 0  |p 17A1569834  |o snkIC 96580/7/3  |i snk2026/1076  |8 5  |0 0  |1 0  |4 0  |d 2026-01-22  |l 0  |r 2026-02-24 14:43:18  |w 2026-02-24